000 00372nam a2200133Ia 4500
008 220120s9999||||xx |||||||||||||| ||und||
020 _a9788181286826
082 _a621.38132 RED
100 _aReddy, Vijayakumar I.
245 0 _aLinear ICs and applications
260 _aSai Tech Publishers
_bNew Delhi
_c2014
300 _aXLIX, 1186p.
_b729
650 _aCOMPUTER SCIENCE
999 _c132884
_d132884